Największe kopalnie na świecie - Statystyki

Ogólne statystyki
  • Ten quiz został rozwiązany 71 razy
  • Średni wynik to 4 z 7
Statystyki odpowiedzi
Nazwa kopalni Państwo % Poprawnych
Bełchatów Polska
95%
Bingham Canyon Mine USA
80%
Kopalnia w Mirnym Rosja
79%
Kopalnia Udacznaja Rosja
74%
Chuquicamata Chile
53%
Oyu Tolgoi Mongolia
35%
Grasberg Indonezja
6%
Nie znaleziono quizów pasujących do podanych kryteriów
Rozkład punktacji
Procent ludzi z każdym wynikiem
Percentyl według liczby udzielonych odpowiedzi
Twoja historia wyników
Nie rozwiązałeś tego quizu